Antología de química : ¿Cómo Ves? /
Na minha lista:
| Outros Autores: | , |
|---|---|
| Formato: | Livro |
| Idioma: | espanhol |
| Publicado em: |
México :
UNAM, Dirección General de Divulgación de la Ciencia,
2016, c2016
|
| Colecção: | (¿Cómo Ves?. Antologías)
|
| Assuntos: | |
| Tags: |
Sem tags, seja o primeiro a adicionar uma tag!
|
MARC
| LEADER | 00000nam^a2200000^a^4500 | ||
|---|---|---|---|
| 001 | 000399590 | ||
| 005 | 20250521000000.0 | ||
| 009 | 20260310121555.966 | ||
| 020 | |a 978-607-02-7924-9 | ||
| 037 | |a Acervo ITESO - Biblioteca | ||
| 041 | |a ESP | ||
| 082 | |a 505. |b COM ANT V. 3 | ||
| 240 | 1 | 1 | |a [¿Cómo Ves?, revista de difusión científica] |
| 245 | 0 | 0 | |a Antología de química : |b ¿Cómo Ves? / |c Selec. de R.M. Catalá ; presen. de J. Franco López. |
| 246 | 2 | |a Título en la cubierta: ¿Cómo Ves?: química | |
| 264 | 4 | |a México : |b UNAM, Dirección General de Divulgación de la Ciencia, |c 2016, c2016 | |
| 300 | |a 111 p. | ||
| 336 | |a texto |b txt |2 rdacontenido | ||
| 337 | |a sin mediación |b n |2 rdamedio | ||
| 338 | |a volumen |b nc |2 rdasoporte | ||
| 440 | 1 | |a (¿Cómo Ves?. |p Antologías) | |
| 521 | |a FIL 2017 EEnlace Centro de Promoción Cultural | ||
| 649 | |a XX | ||
| 650 | |a Química Ambiental | ||
| 650 | |a Ecología | ||
| 650 | |a Bioquímica | ||
| 650 | |a Biología | ||
| 650 | |a Química - |x Historia | ||
| 650 | |a Química - |x Teoría | ||
| 650 | |a Química - |x Generalidades - |x Tema Principal | ||
| 650 | |a Ciencias Naturales | ||
| 650 | |a Ciencia - |x Difusión - |x Tema Principal | ||
| 650 | |a Ciencia - |x Publicaciones Periódicas Mexicanas - |x Tema Principal | ||
| 650 | |a Publicaciones Periódicas Mexicanas | ||
| 700 | |a Catalá, Rosa María |e (selección) | ||
| 700 | |a Franco López, José |e (presentación) | ||
| 910 | |a Fondo General | ||
| 920 | |a Impresos - Libros | ||
| 930 | |a Colección General | ||
| 905 | |a 101 | ||
| 901 | |a 0500294633 |b IT1 |c ACC |i c158184 |u 20250521 | ||
| 902 | |a https://opac.biblio.iteso.mx/vufind/Record/000399590 | ||